000 00456nam a2200181Ia 4500
005 20250425162758.0
008 250425s9999 xx 000 0 und d
041 _aspa
082 _a036
245 0 _aSAPIENS: ENCICLOPEDIA ILUSTRADA DE LA LENGUA CASTELLANA: H - O
250 _a15A ED.
260 _aArgentina
_bSOPENA
_c1972
260 _aBUENOS AIRES
300 _a672
650 _aENCICLOPEDIAS LINGUISTICAS
942 _c01
010 _a108279
999 _c236274
_d236274